| 000 | 00542cam a22001691 4500 | ||
|---|---|---|---|
| 082 |
_a947 _bKIR _cL-28, P-49 |
||
| 100 | 1 |
_aKirchner, Walther. _946334 |
|
| 245 | 1 | 2 | _aA history of Russia. |
| 250 | _a2d ed. | ||
| 260 |
_aNew York, _bBarnes & Noble _c[1955] |
||
| 300 |
_a329 p. _billus. _c21 cm. |
||
| 500 | _aPrevious editions published under title: An outline-history of Russia. | ||
| 526 |
_a0 _b0 _c0 _d947_000000000000000_KIR |
||
| 650 |
_aMCE _9379 |
||
| 710 | 2 |
_aRouben Mamoulian Collection (Library of Congress) _97998 |
|
| 942 |
_2ddc _cBK |
||
| 999 |
_c549689 _d549689 |
||